Online Catalogue and eLibrary

Tamil iIthazhiyal kalunjiam (Record no. 3580)

MARC details
000 -LEADER
fixed length control field 00381nam a2200145Ia 4500
005 - DATE AND TIME OF LATEST TRANSACTION
control field 20250408050303.0
008 - FIXED-LENGTH DATA ELEMENTS--GENERAL INFORMATION
fixed length control field 240331s9999 xx 000 0 und d
082 ## - DDC Classification
Item Number - Author Mark SAM
Class No. 070
100 ## - MAIN ENTRY--PERSONAL NAME
Personal name Samanthan, S. M
245 #0 - TITLE STATEMENT
Title Tamil iIthazhiyal kalunjiam
260 ## - PUBLICATION, DISTRIBUTION, ETC.
Place of publication, distribution, etc. Madras
Name of publisher, distributor, etc. Thamilar Pathippagam
Date of publication, distribution, etc. 1990
300 ## - PHYSICAL DESCRIPTION
Extent (e.g. Volumes, Pages etc.) vii, 264 p .,
500 ## - GENERAL NOTE
General note Treasures of Tamil Journalism
942 ## - Koha item type (Biblio)
Koha item type Books in Stacks (Lending)
Holdings
Lost status Damaged status Collection code Home library Current library Shelving location Date acquired Full call number Accession Number Item type
    Lending WERC Library WERC Library Social Science Cupboard 03/31/2024 070 SAM 832 Books in Stacks (Lending)

© WERC Library